Sobre el crecimiento y la forma / (Record no. 134958)

MARC details
000 -LEADER
campo de control de longitud fija 00717nam a2200205 i 4500
001 - NÚMERO DE CONTROL
campo de control 134958
003 - IDENTIFICADOR DE NÚMERO DE CONTROL
campo de control ES-MaACL
005 - FECHA Y HORA DE LA ÚLTIMA TRANSACCIÓN
campo de control 20230906194759.0
007 - CAMPO FIJO DE DESCRIPCIÓN FÍSICA--INFORMACIÓN GENERAL
campo de control de longitud fija t|
008 - DATOS DE LONGITUD FIJA--INFORMACIÓN GENERAL
campo de control de longitud fija 070704s1980 sp ||||1| spa d
080 ## - NÚMERO DE LA CLASIFICACIÓN DECIMAL UNIVERSAL
Número de la Clasificación Decimal Universal 57.017.6
100 1# - ENTRADA PRINCIPAL--NOMBRE DE PERSONA
Nombre de persona Thompson, D'Arcy Wentworth.
9 (RLIN) 110072
245 10 - MENCIÓN DEL TÍTULO
Título Sobre el crecimiento y la forma /
Mención de responsabilidad, etc. D'Arcy Wentworth Thompson ; edición abreviada, editada por John Tyler Bonner ; [traducción Juan Manuel Ibeas].
260 ## - PUBLICACIÓN, DISTRIBUCIÓN, ETC.
Lugar de publicación, distribución, etc. Madrid :
Nombre del editor, distribuidor, etc. H. Blume,
Fecha de publicación, distribución, etc. [1980]
300 ## - DESCRIPCIÓN FÍSICA
Extensión XIII, 330 p. :
Otras características físicas il. ;
Dimensiones 21 cm.
650 14 - PUNTO DE ACCESO ADICIONAL DE MATERIA--TÉRMINO DE MATERIA
Término de materia o nombre geográfico como elemento de entrada Biología del desarrollo.
9 (RLIN) 10588
700 1# - ENTRADA AGREGADA--NOMBRE PERSONAL
Nombre de persona Bonner, John Tyler.
9 (RLIN) 30254
700 1# - ENTRADA AGREGADA--NOMBRE PERSONAL
Nombre de persona Ibeas Delgado, Juan Manuel.
9 (RLIN) 64987
852 ## - LOCALIZACIÓN
Ubicación ES-MaACL
Número de control de estantería L-1003
Sublocalización o colección R.101842
Holdings
Estatus retirado Estado de pérdida Estado de daño No para préstamo Biblioteca de origen Biblioteca actual Ubicación en estantería Fecha de adquisición Fuente de adquisición Total de préstamos Signatura topográfica completa Código de barras Visto por última vez Precio de reemplazo Tipo de ítem Koha
        Biblioteca del Ateneo de Madrid Biblioteca del Ateneo de Madrid Depósito 2 17/01/2008     L-1003 1140473 23/02/2023 23/02/2023 Libro impreso